[Event "Untergrombach-ch 35th"]
[Site "Untergrombach"]
[Date "2018.01.04"]
[Round "4"]
[White "Arzer, Waldemar"]
[Black "Agnello, Francesco Claudio"]
[Result "0-1"]
[WhiteElo "1961"]
[BlackElo "2127"]
[PlyCount "106"]
[EventDate "2018.01.02"]
[EventType "swiss"]
[EventRounds "7"]
[EventCountry "GER"]
[SourceTitle "CBM 182 Extra"]
[Source "ChessBase"]
[SourceDate "2018.02.23"]
[SourceVersion "1"]
[SourceVersionDate "2018.02.23"]
[SourceQuality "1"]

1. Nf3 c5 2. g3 d5 3. Bg2 Nf6 4. 0-0 e6 5. d3 Nc6 6. Nbd2 Be7 7. e4 b6 8. Re1 Bb7 9. a3 Qc7 10. exd5 Nxd5 11. d4 cxd4 12. Nb3 0-0-0 13. Nbxd4 Nf6 14. Bf4 Bd6 15. Nxc6 Bxc6 16. Bxd6 Rxd6 17. Qe2 Qb7 18. Rad1 Rhd8 19. Rxd6 Rxd6 20. Rd1 Rxd1+ 21. Qxd1 Nd7 22. Qd3 f6 23. Qc3 Kb8 24. Ne1 Bxg2 25. Nxg2 Ne5 26. Kf1 Nf3 27. h3 Qa6+ 28. Qd3 Qxd3+ 29. cxd3 e5 30. Ne3 Kc7 31. h4 Kc6 32. Ke2 Nd4+ 33. Kd2 Kd6 34. Kc3 Kc5 35. b4+ Kc6 36. Nc4 b5 37. Ne3 Kd6 38. Kd2 Ke6 39. Nd1 Kf5 40. Nc3 Kg4 41. a4 bxa4 42. Ke3 a3 43. Ke4 Ne2 44. Na2 Nxg3+ 45. Kd5 Nh1 46. b5 Nxf2 47. Kc6 Nxd3 48. Kb7 e4 49. Kxa7 e3 50. b6 Nc5 51. Nb4 e2 52. Nd3 Nxd3 53. b7 a2 0-1

[Event "Untergrombach-ch 35th"]
[Site "Untergrombach"]
[Date "2018.01.03"]
[Round "2"]
[White "Kraemer, Enrico"]
[Black "Arzer, Waldemar"]
[Result "1-0"]
[WhiteElo "2173"]
[BlackElo "1961"]
[PlyCount "85"]
[EventDate "2018.01.02"]
[EventType "swiss"]
[EventRounds "7"]
[EventCountry "GER"]
[SourceTitle "CBM 182 Extra"]
[Source "ChessBase"]
[SourceDate "2018.02.23"]
[SourceVersion "1"]
[SourceVersionDate "2018.02.23"]
[SourceQuality "1"]

1. d4 d5 2. c4 e6 3. Nc3 Nf6 4. cxd5 exd5 5. Bg5 Be7 6. e3 Nbd7 7. Bd3 0-0 8. Nge2 Re8 9. 0-0 c6 10. f3 c5 11. Rc1 h6 12. Bh4 b6 13. Bf2 Bb7 14. dxc5 bxc5 15. Nf4 Bd6 16. Qd2 Bxf4 17. exf4 Qa5 18. Rfd1 Rac8 19. Nxd5 Qxd2 20. Nxf6+ Nxf6 21. Rxd2 Red8 22. Rxc5 Rxc5 23. Bxc5 Rd7 24. Rd1 g6 25. Be2 Rxd1+ 26. Bxd1 a6 27. Kf2 Nd5 28. g3 Kg7 29. Bc2 f5 30. b4 Kf6 31. a4 Ke6 32. Ke2 h5 33. Kd3 h4 34. Kd4 hxg3 35. hxg3 Nf6 36. Bb3+ Kd7 37. Ke5 Nh5 38. g4 fxg4 39. fxg4 Ng7 40. Kf6 Ne8+ 41. Kxg6 Kc6 42. f5 a5 43. f6 1-0

[Event "Untergrombach op 34th"]
[Site "Untergrombach"]
[Date "2017.01.04"]
[Round "3"]
[White "Arzer, Waldemar"]
[Black "Wiechert, Hans"]
[Result "0-1"]
[WhiteElo "1986"]
[BlackElo "2165"]
[PlyCount "96"]
[EventDate "2017.01.03"]
[EventType "swiss"]
[EventRounds "7"]
[EventCountry "GER"]
[SourceTitle "CBM 176 Extra"]
[Source "ChessBase"]
[SourceDate "2017.03.02"]
[SourceVersion "1"]
[SourceVersionDate "2017.03.02"]
[SourceQuality "1"]

1. Nf3 Nf6 2. g3 d5 3. Bg2 c6 4. 0-0 Bg4 5. b3 Nbd7 6. c4 e6 7. d3 Bd6 8. Nbd2 0-0 9. Bb2 Qe7 10. Qc2 Rfe8 11. a3 a5 12. Rfe1 Rad8 13. h3 Bh5 14. g4 Bg6 15. Nh4 e5 16. Nxg6 hxg6 17. Bc3 Ra8 18. b4 d4 19. c5 Bxc5 20. bxc5 Qxc5 21. Rec1 dxc3 22. Qxc3 Qa7 23. Rab1 Re6 24. e3 Rb8 25. Nb3 b6 26. g5 Ne8 27. d4 a4 28. Nd2 exd4 29. Qxd4 Nc5 30. h4 Rd6 31. Qb2 Nd3 32. Qc3 Nxc1 33. Rxc1 Qd7 34. Bxc6 Rxc6 35. Qxc6 Qxd2 36. Rc4 b5 37. Re4 Qd8 38. Kg2 Qc8 39. Qd5 Nc7 40. Qe5 Qb7 41. f3 Re8 42. Qd4 Rxe4 43. fxe4 Ne6 44. Qe5 Qb6 45. Kf3 Qc5 46. Qb8+ Kh7 47. Qe8 Qxa3 48. Qxb5 Nd4+ 0-1

[Event "Untergrombach op 33rd"]
[Site "Untergrombach"]
[Date "2016.01.05"]
[Round "6"]
[White "Scherer, Ralf"]
[Black "Arzer, Waldemar"]
[Result "0-1"]
[WhiteElo "2194"]
[BlackElo "1978"]
[PlyCount "84"]
[EventDate "2016.01.02"]
[EventType "swiss"]
[EventRounds "7"]
[EventCountry "GER"]
[SourceTitle "CBM 170 Extra"]
[Source "ChessBase"]
[SourceDate "2016.02.25"]
[SourceVersion "1"]
[SourceVersionDate "2016.02.25"]
[SourceQuality "1"]

1. Nf3 Nf6 2. g3 b6 3. Bg2 Bb7 4. 0-0 g6 5. d3 Bg7 6. c4 0-0 7. Nc3 c5 8. a3 Nc6 9. Rb1 d5 10. cxd5 Nxd5 11. Nxd5 Qxd5 12. b4 c4 13. Nd2 Qd7 14. Nxc4 Rfd8 15. b5 Nd4 16. Bxb7 Qxb7 17. Bb2 Ne6 18. Bxg7 Kxg7 19. Qd2 Nd4 20. a4 Rac8 21. Qb2 Kg8 22. f3 Qd5 23. Rf2 h5 24. Kg2 Rc5 25. Rc1 Qg5 26. h4 Qd5 27. Ne3 Qe5 28. Rxc5 Qxc5 29. Nc4 Nf5 30. Qe5 Qxe5 31. Nxe5 Ne3+ 32. Kh3 Rd4 33. Nc6 Rxa4 34. Nxe7+ Kf8 35. Nc6 a6 36. bxa6 Rxa6 37. Rh2 Ra1 38. g4 b5 39. gxh5 gxh5 40. Rf2 Rb1 41. Kg3 b4 42. Kf4 b3 0-1